<?xml version="1.0" encoding="UTF-8"?>
<record
    xmlns:xsi="http://www.w3.org/2001/XMLSchema-instance"
    xsi:schemaLocation="http://www.loc.gov/MARC21/slim http://www.loc.gov/standards/marcxml/schema/MARC21slim.xsd"
    xmlns="http://www.loc.gov/MARC21/slim">

  <leader>00639cam a22002171  4500</leader>
  <controlfield tag="001">ne 64000876 </controlfield>
  <controlfield tag="003">DLC</controlfield>
  <controlfield tag="005">20260227111758.0</controlfield>
  <controlfield tag="008">890728s1962    ua            000 1 ararc</controlfield>
  <datafield tag="010" ind1=" " ind2=" ">
    <subfield code="a">ne 64000876 </subfield>
  </datafield>
  <datafield tag="025" ind1=" " ind2=" ">
    <subfield code="a">PL480:UAR-3822</subfield>
  </datafield>
  <datafield tag="035" ind1=" " ind2=" ">
    <subfield code="a">(OCoLC)20085710</subfield>
  </datafield>
  <datafield tag="040" ind1=" " ind2=" ">
    <subfield code="a">Princeton Univ. Libr. for LC</subfield>
    <subfield code="c">WaU</subfield>
    <subfield code="d">WaU</subfield>
    <subfield code="d">DLC</subfield>
  </datafield>
  <datafield tag="042" ind1=" " ind2=" ">
    <subfield code="a">premarc</subfield>
  </datafield>
  <datafield tag="050" ind1="0" ind2="0">
    <subfield code="a">PJ7860.A2</subfield>
    <subfield code="b">J3</subfield>
  </datafield>
  <datafield tag="100" ind1="1" ind2=" ">
    <subfield code="a">Rab&#x12B;&#x2BB;, Jam&#x101;l.</subfield>
  </datafield>
  <datafield tag="245" ind1="1" ind2="3">
    <subfield code="a">al-Jaz&#x101;&#x2BC;!!</subfield>
    <subfield code="b">majm&#x16B;&#x2BB;ah qi&#x1E63;a&#x1E63; qa&#x1E63;&#x12B;rah</subfield>
    <subfield code="c">[ta&#x2BC;l&#x12B;f] Jam&#x101;l Rab&#x12B;&#x2BB;.</subfield>
  </datafield>
  <datafield tag="260" ind1=" " ind2=" ">
    <subfield code="a">[al-Q&#x101;hirah,</subfield>
    <subfield code="b">Mu&#x2BC;assasat R&#x16B;z al-Y&#x16B;suf]</subfield>
    <subfield code="c">1962.</subfield>
  </datafield>
  <datafield tag="300" ind1=" " ind2=" ">
    <subfield code="a">126 p.</subfield>
    <subfield code="c">20 cm.</subfield>
  </datafield>
  <datafield tag="490" ind1="0" ind2=" ">
    <subfield code="a">Kit&#x101;b al-dhahab&#x12B;</subfield>
  </datafield>
  <datafield tag="999" ind1=" " ind2=" ">
    <subfield code="c">46873</subfield>
    <subfield code="d">46873</subfield>
  </datafield>
</record>
